Biomedical optics (Record no. 41539)

000 -LEADER
fixed length control field 00801nam a22002534a 4500
001 - CONTROL NUMBER
control field 41539
003 - CONTROL NUMBER IDENTIFIER
control field BD-DhUET
008 - FIXED-LENGTH DATA ELEMENTS--GENERAL INFORMATION
fixed length control field 060915s2007 njua b 001 0 eng
020 ## - INTERNATIONAL STANDARD BOOK NUMBER
International Standard Book Number 9780471743040
040 ## - CATALOGING SOURCE
Original cataloging agency DNLM/DLC
Transcribing agency 0
Modifying agency BD-DhUET
082 00 - DEWEY DECIMAL CLASSIFICATION NUMBER
Classification number 616.0754
Item number WAN/2007
100 1# - MAIN ENTRY--PERSONAL NAME
Personal name Wang, Lihong V.
245 10 - TITLE STATEMENT
Title Biomedical optics
Remainder of title Principles and imaging
250 ## - EDITION STATEMENT
Edition statement 1st ed.
260 ## - PUBLICATION, DISTRIBUTION, ETC. (IMPRINT)
Place of publication, distribution, etc. Hoboken
Name of publisher, distributor, etc. John Wiley & Sons
Date of publication, distribution, etc. 2007
300 ## - PHYSICAL DESCRIPTION
Extent xiv, 362 p.
504 ## - BIBLIOGRAPHY, ETC. NOTE
Bibliography, etc Includes bibliographies
650 #0 - SUBJECT ADDED ENTRY--TOPICAL TERM
Topical term or geographic name as entry element Imaging systems in medicine
700 ## - ADDED ENTRY--PERSONAL NAME
Personal name Wu, Hsin-i
856 41 - ELECTRONIC LOCATION AND ACCESS
Uniform Resource Identifier http://www.loc.gov/catdir/toc/ecip071/2006030754.html
856 42 - ELECTRONIC LOCATION AND ACCESS
Uniform Resource Identifier http://www.loc.gov/catdir/enhancements/fy0740/2006030754-b.html
856 42 - ELECTRONIC LOCATION AND ACCESS
Uniform Resource Identifier http://www.loc.gov/catdir/enhancements/fy0740/2006030754-d.html
942 ## - ADDED ENTRY ELEMENTS (KOHA)
Koha item type General Book
Holdings
Koha date last borrowed Koha normalized classification for sorting Koha date last seen Withdrawn status Koha full call number Piece designation (barcode) Location (home branch) Lost status Copy number Date acquired Sublocation or collection (holding branch) Shelving location Koha item type Price effective from Koha out on loan Koha renewals Damaged status Source of classification or shelving scheme Not for loan Koha issues (times borrowed)
2022-02-26616_075400000000000_WAN_20072022-02-26 616.0754/WAN/2007116552Central Library, BUET 12018-06-27Central Library, BUETCirculation sectionGeneral Book2018-09-192025-11-292   1
 616_075400000000000_WAN_20072018-09-19 616.0754/WAN/2007116553Central Library, BUET 22018-06-27Central Library, BUETCirculation sectionGeneral Book2018-09-19